000 00662cam a22002411 4500
999 _c523622
_d523622
001 10334952
003 NUST
005 20190516074117.0
008 720417s1965 nyu 000 1 eng
010 _a 65023822
035 _a(OCoLC)285911
038 _awaseem
040 _aDLC
_cODaWU
_dOCoLC
_dDLC
050 0 0 _aPZ3.R82
_bHo
_aPS3535.U15
082 _a813.54
_bRUA
100 1 _aRuark, Robert Chester,
_d1915-1965.
_914363
245 1 4 _aThe honey badger
_c[by] Robert Ruark.
250 _a[1st ed.]
260 _aNew York,
_bMcGraw-Hill
_c[1965]
300 _a569 p.
_c22 cm.
906 _a7
_bcbc
_coclcrpl
_du
_encip
_f19
_gy-gencatlg
942 _2ddc
_cBK